000 00536nam a2200205Ia 4500
005 20260429111848.0
008 260429s9999||||xx |||||||||||||| ||und||
020 _a9789384502201
041 _aEnglish
082 _a580
_bONS
100 _aOnslow, Muriel Wheldale
245 0 _aPractical plant biochemistry /
_cMuriel Wheldale Onslow
250 _a1st ed.
260 _aNew Delhi :
_bAgri-Biovet Press,
_c2016.
300 _avii, 237 p.; hb
650 _a Biochemistry
650 _a Botany
650 _aPlants
942 _cTB
999 _c51181
_d51181